[Event "Bad Bertrich op 17th"]
[Site "Bad Bertrich"]
[Date "2009.12.11"]
[Round "8"]
[White "Wolf, Margot"]
[Black "Kneip, Jakob"]
[Result "1/2-1/2"]
[WhiteElo "1312"]
[BlackElo "1470"]
[PlyCount "29"]
[EventDate "2009.12.04"]
[EventType "swiss"]
[EventRounds "9"]
[EventCountry "GER"]
[SourceTitle "CBM 134 Extra"]
[Source "ChessBase"]
[SourceDate "2010.03.03"]
[SourceVersion "1"]
[SourceVersionDate "2010.03.03"]
[SourceQuality "1"]

1. d4 e6 2. Nf3 d5 3. Bf4 Nf6 4. e3 Bd6 5. Bxd6 Qxd6 6. c3 0-0 7. Bd3 c5 8. Nbd2 cxd4 9. exd4 b6 10. 0-0 Ba6 11. Bxa6 Nxa6 12. Ne5 Nd7 13. Nxd7 Qxd7 14. Nf3 Rfe8 15. Re1 1/2-1/2

[Event "Bad Woerishofen Seniors op 24th"]
[Site "Bad Woerishofen"]
[Date "2008.03.02"]
[Round "4"]
[White "Wolf, Margot"]
[Black "Buss, Richard"]
[Result "0-1"]
[WhiteElo "1295"]
[BlackElo "1394"]
[PlyCount "86"]
[EventDate "2008.02.28"]
[EventType "swiss"]
[EventRounds "9"]
[EventCountry "GER"]
[SourceTitle "EXT 2022"]
[Source "ChessBase"]
[SourceDate "2021.10.06"]
[SourceVersion "1"]
[SourceVersionDate "2021.10.06"]
[SourceQuality "1"]

1. d4 d5 2. Nf3 Nf6 3. Bf4 e6 4. e3 Bd6 5. Bxd6 Qxd6 6. c3 0-0 7. Bd3 b6 8. 0-0 Ba6 9. Bxa6 Nxa6 10. Nbd2 c5 11. a3 c4 12. Qc2 Nc7 13. e4 Nxe4 14. Nxe4 dxe4 15. Qxe4 f5 16. Qe5 Qxe5 17. Nxe5 b5 18. f4 Nd5 19. Rae1 Nf6 20. Nf3 Ne4 21. g3 a6 22. Kg2 Rfe8 23. h3 Ra7 24. g4 g6 25. Rd1 fxg4 26. hxg4 Nf6 27. g5 Nd5 28. Kg3 Ne3 29. Ne5 Nxf1+ 30. Rxf1 Rc7 31. Ng4 Kg7 32. Nf6 Ree7 33. Rh1 h5 34. gxh6+ Kxf6 35. Kg4 Rh7 36. Rh2 Rcd7 37. Rh3 Rd5 38. Rh2 Rf5 39. Rh3 Rh5 40. Rxh5 gxh5+ 41. Kxh5 Kf5 42. d5 exd5 43. Kh4 Rxh6+ 0-1

[Event "Niedersachsen-ch Seniors op 10th"]
[Site "Bad Bevensen"]
[Date "2007.07.04"]
[Round "2"]
[White "Wolf, Margot"]
[Black "Hippler, Hans Werner"]
[Result "1-0"]
[WhiteElo "1328"]
[BlackElo "1486"]
[PlyCount "119"]
[EventDate "2007.07.03"]
[EventType "swiss"]
[EventRounds "9"]
[EventCountry "GER"]
[SourceTitle "EXT 2022"]
[Source "ChessBase"]
[SourceDate "2021.10.06"]
[SourceVersion "1"]
[SourceVersionDate "2021.10.06"]
[SourceQuality "1"]

1. d4 Nf6 2. Nf3 e6 3. Bf4 Be7 4. e3 0-0 5. Bd3 d6 6. c3 Nh5 7. Bg3 Nxg3 8. hxg3 g6 9. 0-0 b6 10. Nbd2 Bb7 11. Be4 d5 12. Bc2 c5 13. dxc5 bxc5 14. e4 Qc7 15. Qb1 c4 16. exd5 Bxd5 17. Be4 Bc5 18. Bxd5 exd5 19. Re1 Qxg3 20. Re2 Nd7 21. Qf1 Rad8 22. Kh1 Qb8 23. Rb1 Nf6 24. g3 Rfe8 25. b3 cxb3 26. Rxe8+ Rxe8 27. Nxb3 Bb6 28. Nfd4 Qc8 29. Rc1 Ne4 30. c4 Bxd4 31. Nxd4 dxc4 32. Qxc4 Qxc4 33. Rxc4 Nxf2+ 34. Kg2 Ng4 35. Ra4 Ra8 36. Nc6 Ne3+ 37. Kf3 Nd5 38. Ra5 Nb6 39. Kf4 Kg7 40. Nb4 h6 41. Na6 Rc8 42. Kf3 h5 43. Nb4 Rc7 44. Na6 Re7 45. Nb4 Rb7 46. Nc6 Nc4 47. Ra6 f6 48. Nxa7 g5 49. Nc6 Ne5+ 50. Ke4 Ng4 51. Nd4 Re7+ 52. Kf3 Re3+ 53. Kg2 Kg6 54. a4 Ra3 55. Nc6 Ra2+ 56. Kf3 Rf2+ 57. Ke4 f5+ 58. Kd4 Rd2+ 59. Kc3 Re2 60. Nd4+ 1-0

[Event "Saarland-ch Seniors 26th"]
[Site "Germany"]
[Date "2007.03.31"]
[Round "2"]
[White "Becker, Alois"]
[Black "Wolf, Margot"]
[Result "1-0"]
[WhiteElo "1655"]
[BlackElo "1283"]
[PlyCount "69"]
[EventDate "2007.03.30"]
[EventType "swiss"]
[EventRounds "9"]
[EventCountry "GER"]
[SourceTitle "EXT 2008"]
[Source "ChessBase"]
[SourceDate "2007.11.25"]
[SourceVersion "1"]
[SourceVersionDate "2007.11.25"]
[SourceQuality "1"]

1. d4 d5 2. c4 e6 3. Nc3 Nf6 4. cxd5 exd5 5. Bg5 Nbd7 6. e3 Be7 7. Bd3 c6 8. Qc2 0-0 9. Nge2 h6 10. Bf4 Nh5 11. Bg3 Nxg3 12. hxg3 Nf6 13. f3 Bd6 14. Kf2 Re8 15. Nf4 Bxf4 16. gxf4 Bd7 17. Qd2 Qc7 18. g4 Kf8 19. g5 hxg5 20. fxg5 Ng8 21. Rac1 Qd6 22. Ne2 g6 23. e4 dxe4 24. fxe4 Bg4 25. e5 Qd5 26. Qe3 Qxa2 27. Rh4 Bxe2 28. Qxe2 Rad8 29. Bc4 Qa5 30. Rf4 Kg7 31. Rxf7+ Kh8 32. Rh1+ Nh6 33. Rxh6+ Kg8 34. Rxg6+ Kh8 35. Qh5# 1-0

[Event "Bad Woerishofen Seniors opA 22th"]
[Site "Bad Woerishofen"]
[Date "2006.03.25"]
[Round "9"]
[White "Weibrecht, Carl"]
[Black "Wolf, Margot"]
[Result "1/2-1/2"]
[WhiteElo "1466"]
[BlackElo "1287"]
[PlyCount "38"]
[EventDate "2006.03.17"]
[EventType "swiss"]
[EventRounds "9"]
[EventCountry "GER"]
[SourceTitle "EXT 2022"]
[Source "ChessBase"]
[SourceDate "2021.10.06"]
[SourceVersion "1"]
[SourceVersionDate "2021.10.06"]
[SourceQuality "1"]

1. c4 e6 2. Nc3 d5 3. cxd5 exd5 4. d4 c6 5. Nf3 Nf6 6. g3 Bf5 7. Bg2 Bd6 8. 0-0 h6 9. Re1 0-0 10. Nh4 Bh7 11. Nf3 Re8 12. h4 Kh8 13. Nh2 Ne4 14. Nxe4 Bxe4 15. Bd2 Bxg2 16. Kxg2 Qb6 17. Bc3 Nd7 18. e3 Nf6 19. Rb1 Qc7 1/2-1/2

[Event "Bad Woerishofen Seniors opA 22th"]
[Site "Bad Woerishofen"]
[Date "2006.03.21"]
[Round "5"]
[White "Aufmwasser, Guenter"]
[Black "Wolf, Margot"]
[Result "1-0"]
[WhiteElo "1693"]
[BlackElo "1287"]
[PlyCount "70"]
[EventDate "2006.03.17"]
[EventType "swiss"]
[EventRounds "9"]
[EventCountry "GER"]
[SourceTitle "EXT 2022"]
[Source "ChessBase"]
[SourceDate "2021.10.06"]
[SourceVersion "1"]
[SourceVersionDate "2021.10.06"]
[SourceQuality "1"]

1. f4 d5 2. Nf3 Bf5 3. e3 e6 4. b3 Nf6 5. Bb2 Nbd7 6. Be2 h6 7. Nc3 c6 8. 0-0 Bd6 9. a4 0-0 10. Rc1 Qb6 11. Kh1 Rfe8 12. Nh4 Bh7 13. Qe1 e5 14. f5 g5 15. fxg6 fxg6 16. Qg3 g5 17. Nf5 Bxf5 18. Rxf5 Kh8 19. Qh3 Bf8 20. Rxg5 Re7 21. Rf1 Rh7 22. Rg6 Qc7 23. Bd3 e4 24. Be2 Bg7 25. Qh4 Rf8 26. Nd1 Qd8 27. Nf2 Rf7 28. Ng4 Qe7 29. Nxh6 Rf8 30. Qg5 Qd8 31. Nf5 Rf7 32. Nxg7 Rfxg7 33. Rxg7 Rxg7 34. Bxf6 Nxf6 35. Qxf6 Qg8 1-0

[Event "Bad Woerishofen Seniors opA 22th"]
[Site "Bad Woerishofen"]
[Date "2006.03.19"]
[Round "3"]
[White "Wolf, Margot"]
[Black "Thonig, Manfred"]
[Result "0-1"]
[WhiteElo "1287"]
[BlackElo "1490"]
[PlyCount "132"]
[EventDate "2006.03.17"]
[EventType "swiss"]
[EventRounds "9"]
[EventCountry "GER"]
[SourceTitle "EXT 2022"]
[Source "ChessBase"]
[SourceDate "2021.10.06"]
[SourceVersion "1"]
[SourceVersionDate "2021.10.06"]
[SourceQuality "1"]

1. d4 f5 2. Nf3 Nf6 3. g3 b6 4. Bg2 Bb7 5. 0-0 e6 6. Bf4 Ne4 7. Nbd2 Be7 8. Nxe4 fxe4 9. Nd2 d5 10. f3 exf3 11. Nxf3 0-0 12. Bh3 Bc8 13. Ne5 c5 14. c3 c4 15. Qc2 Qe8 16. e4 Nc6 17. Nxc6 Qxc6 18. e5 Qe8 19. Qd2 Qh5 20. Bg2 Bd7 21. Bf3 Qg6 22. Kh1 Qf5 23. Qe2 Kh8 24. Bg4 Qe4+ 25. Qg2 Qg6 26. Qe2 Be8 27. Bh3 h6 28. Qg4 Qe4+ 29. Bg2 Qg6 30. Qxg6 Bxg6 31. Bh3 Bd3 32. Rf2 Be4+ 33. Kg1 g5 34. Be3 Rxf2 35. Bxf2 Bf5 36. Bxf5 exf5 37. Re1 Kg7 38. h3 Rd8 39. Kg2 b5 40. a3 a5 41. Be3 Kf7 42. Rf1 Ke6 43. Bd2 Rg8 44. Be3 b4 45. Bc1 bxc3 46. bxc3 Rb8 47. a4 Rb3 48. Rf3 Rb1 49. Bd2 Ra1 50. Rf1 Ra2 51. Rf2 Rxa4 52. h4 Ra3 53. hxg5 hxg5 54. Rf1 Ra2 55. Rd1 g4 56. Kf2 Bg5 57. Ke1 Bxd2+ 58. Rxd2 Ra3 59. Rc2 Rb3 60. Kd2 a4 61. Ra2 a3 62. Kc2 Ke7 63. Kd2 f4 64. gxf4 g3 65. Ke2 Rb2+ 66. Rxb2 axb2 0-1

[Event "Bad Woerishofen Seniors op 21st"]
[Site "Bad Woerishofen"]
[Date "2005.03.04"]
[Round "2"]
[White "Paulsen, Eckart"]
[Black "Wolf, Margot"]
[Result "1-0"]
[WhiteElo "1636"]
[BlackElo "1321"]
[PlyCount "63"]
[EventDate "2005.03.03"]
[EventType "swiss"]
[EventRounds "9"]
[EventCountry "GER"]
[SourceTitle "EXT 2006"]
[Source "ChessBase"]
[SourceDate "2005.11.24"]
[SourceVersion "1"]
[SourceVersionDate "2005.11.24"]
[SourceQuality "1"]

1. e4 c6 2. d4 d5 3. exd5 cxd5 4. c4 e6 5. Nc3 Nf6 6. Bg5 Nbd7 7. cxd5 exd5 8. Nxd5 Qa5+ 9. Nc3 Qxg5 10. Nf3 Qa5 11. Bd3 Be7 12. 0-0 0-0 13. Re1 Bb4 14. Qb3 Bxc3 15. bxc3 b6 16. Re7 Bb7 17. Ne5 Nxe5 18. Rxe5 b5 19. Rxb5 Qd8 20. Rxb7 Rb8 21. Rxb8 Qxb8 22. Qxb8 Rxb8 23. Rb1 Rc8 24. c4 Kf8 25. f3 Re8 26. Kf2 Rd8 27. d5 Rd6 28. Rb8+ Ne8 29. Ke3 Ra6 30. c5 Rxa2 31. Bb5 Rb2 32. Rxe8# 1-0

[Event "Saarland-ch Seniors 23rd"]
[Site "Saarlouis"]
[Date "2004.04.05"]
[Round "4"]
[White "Wolfanger, Horst"]
[Black "Wolf, Margot"]
[Result "1/2-1/2"]
[WhiteElo "1445"]
[BlackElo "1278"]
[PlyCount "62"]
[EventDate "2004.04.02"]
[EventType "swiss"]
[EventRounds "9"]
[EventCountry "GER"]
[SourceTitle "CBM 099 Extra"]
[Source "ChessBase"]
[SourceDate "2004.05.04"]
[SourceVersion "1"]
[SourceVersionDate "2004.05.04"]
[SourceQuality "1"]

1. d4 d5 2. c4 e6 3. Nc3 Nf6 4. Bg5 Nbd7 5. e3 c6 6. Nf3 Be7 7. Bd3 0-0 8. 0-0 dxc4 9. Bxc4 Nd5 10. Bxe7 Qxe7 11. Nxd5 exd5 12. Bd3 Nf6 13. h3 Qc7 14. Rc1 Be6 15. Qc2 Qd7 16. Ng5 g6 17. Nxe6 fxe6 18. f4 Rae8 19. Rf3 Re7 20. Rcf1 Rfe8 21. Qc5 Ra8 22. b4 Ree8 23. a4 a6 24. Rc1 Rac8 25. Qc2 Red8 26. Rg3 Kh8 27. Rf1 Rg8 28. Qc5 Rcd8 29. Rc1 Qd6 30. Qxd6 Rxd6 31. a5 Rdd8 1/2-1/2